[Event "Pardubice Czech op-C 30th"]
[Site "Pardubice"]
[Date "2019.07.25"]
[Round "7"]
[White "Beliakova, Ilona"]
[Black "Salminen, Jussi"]
[Result "0-1"]
[WhiteElo "1759"]
[BlackElo "1978"]
[PlyCount "52"]
[EventDate "2019.07.20"]
[EventType "swiss"]
[EventRounds "9"]
[EventCountry "CZE"]
[SourceTitle "EXT 2020"]
[Source "ChessBase"]
[SourceDate "2019.10.17"]
[SourceVersion "1"]
[SourceVersionDate "2019.10.17"]
[SourceQuality "1"]

1. d4 Nf6 2. Nf3 g6 3. c4 Bg7 4. g3 0-0 5. Bg2 c6 6. 0-0 d6 7. Nc3 Nbd7 8. Qc2 Qc7 9. b3 Re8 10. Rd1 a6 11. Ba3 Qa5 12. Bb2 b5 13. Nd2 Bb7 14. cxb5 axb5 15. a4 bxa4 16. Nxa4 Rec8 17. Nc5 Qc7 18. Rxa8 Bxa8 19. Nxd7 Nxd7 20. Ne4 Qb6 21. e3 Rb8 22. Ra1 c5 23. dxc5 Bxe4 24. Qxe4 Nxc5 25. Bd4 Nxe4 26. Bxb6 Bxa1 0-1

[Event "EU-chT U18 Girls"]
[Site "Pardubice"]
[Date "2019.07.16"]
[Round "6.2"]
[White "Bogdanic, Katarina"]
[Black "Beliakova, Ilona"]
[Result "1-0"]
[WhiteElo "1955"]
[BlackElo "1759"]
[PlyCount "67"]
[EventDate "2019.07.11"]
[EventType "team-swiss"]
[EventRounds "7"]
[EventCountry "CZE"]
[SourceTitle "CBM 191 Extra"]
[Source "ChessBase"]
[SourceDate "2019.09.30"]
[SourceVersion "1"]
[SourceVersionDate "2019.09.30"]
[SourceQuality "1"]
[WhiteTeam "Croatia U18 Girls"]
[BlackTeam "Yamal U18 Girls"]
[WhiteTeamCountry "CRO"]
[BlackTeamCountry "RUS"]

1. Nf3 Nf6 2. c4 e6 3. g3 b6 4. Bg2 Bb7 5. Nc3 Be7 6. 0-0 0-0 7. d4 d5 8. cxd5 Nxd5 9. Nxd5 Bxd5 10. Bf4 Nd7 11. Qc2 Bd6 12. e4 Bb7 13. e5 Be7 14. Ng5 Bxg5 15. Bxb7 Rb8 16. Bxg5 Qxg5 17. Qxc7 Qd8 18. Rac1 Nc5 19. Qxd8 Rfxd8 20. dxc5 Rxb7 21. Rfd1 Rxd1+ 22. Rxd1 Kf8 23. c6 Rc7 24. Rd6 g5 25. f4 Kg7 26. Kf2 gxf4 27. gxf4 Kg6 28. Ke3 h6 29. Ke4 Kh5 30. f5 Kg5 31. fxe6 fxe6 32. Rxe6 h5 33. Kd5 Kf5 34. Rf6+ 1-0

[Event "EU-chT U18 Girls"]
[Site "Pardubice"]
[Date "2019.07.12"]
[Round "2.2"]
[White "Beliakova, Ilona"]
[Black "Rahulan, Thivyaa"]
[Result "1-0"]
[WhiteElo "1759"]
[BlackElo "1878"]
[PlyCount "55"]
[EventDate "2019.07.11"]
[EventType "team-swiss"]
[EventRounds "7"]
[EventCountry "CZE"]
[SourceTitle "CBM 191 Extra"]
[Source "ChessBase"]
[SourceDate "2019.09.30"]
[SourceVersion "1"]
[SourceVersionDate "2019.09.30"]
[SourceQuality "1"]
[WhiteTeam "Yamal U18 Girls"]
[BlackTeam "England U18 Girls"]
[WhiteTeamCountry "RUS"]
[BlackTeamCountry "ENG"]

1. d4 f5 2. Nf3 Nf6 3. Bf4 g6 4. e3 Bg7 5. Bc4 e6 6. h3 0-0 7. Nc3 a6 8. d5 d6 9. dxe6 Qe7 10. Nd4 Nc6 11. Bg5 Kh8 12. Nd5 Qe8 13. Nxc7 Qd8 14. Nxa8 d5 15. Bb3 Nxd4 16. Qxd4 Qa5+ 17. c3 Ne4 18. e7 Re8 19. Qa4 Bxc3+ 20. Ke2 b5 21. Qxa5 Bxa5 22. Bh4 Bb7 23. Rhd1 Bxa8 24. Bxd5 Bxd5 25. Rxd5 g5 26. Rxf5 Rxe7 27. Bxg5 Nxg5 28. Rxg5 1-0

[Event "Moscow op-B (Women) 14th"]
[Site "Moscow"]
[Date "2018.02.04"]
[Round "9"]
[White "Ilyina, Lada"]
[Black "Beliakova, Ilona"]
[Result "1-0"]
[WhiteElo "1793"]
[BlackElo "1663"]
[PlyCount "93"]
[EventDate "2018.01.27"]
[EventType "swiss"]
[EventRounds "9"]
[EventCountry "RUS"]
[SourceTitle "CBM 182 Extra"]
[Source "ChessBase"]
[SourceDate "2018.02.23"]
[SourceVersion "1"]
[SourceVersionDate "2018.02.23"]
[SourceQuality "1"]

1. e4 e5 2. Nc3 Nf6 3. g3 Bc5 4. Bg2 0-0 5. d3 Re8 6. Nge2 h6 7. 0-0 c6 8. h3 b5 9. Kh2 d5 10. exd5 cxd5 11. Nxb5 Ba6 12. Nbc3 Nc6 13. f4 e4 14. d4 Nxd4 15. Nxd4 Bxf1 16. Bxf1 Qb6 17. Nce2 Rac8 18. b3 Nh7 19. Bb2 g5 20. Nf5 Rcd8 21. Ned4 gxf4 22. Qg4+ Qg6 23. Nxh6+ Kf8 24. Ndf5 Qxg4 25. hxg4 fxg3+ 26. Kxg3 d4 27. Bb5 Re6 28. Bc4 Ng5 29. Bxe6 fxe6 30. Rf1 Nf3 31. Nh4 Kg7 32. Nxf3 Kxh6 33. Ne5 Kg7 34. Rd1 Rd5 35. Nc4 Kg6 36. Kf4 e3 37. Ne5+ Kf6 38. g5+ Ke7 39. Ke4 Kd6 40. Nf3 e5 41. g6 Kc6 42. Nxe5+ Kd6 43. Nf7+ Ke6 44. g7 Kxf7 45. Kxd5 Bb4 46. Rg1 Kg8 47. Bxd4 1-0

[Event "Moscow op-B (Women) 14th"]
[Site "Moscow"]
[Date "2018.02.03"]
[Round "8"]
[White "Beliakova, Ilona"]
[Black "Samudin, Elina"]
[Result "0-1"]
[WhiteElo "1663"]
[BlackElo "1825"]
[PlyCount "41"]
[EventDate "2018.01.27"]
[EventType "swiss"]
[EventRounds "9"]
[EventCountry "RUS"]
[SourceTitle "CBM 182 Extra"]
[Source "ChessBase"]
[SourceDate "2018.02.23"]
[SourceVersion "1"]
[SourceVersionDate "2018.02.23"]
[SourceQuality "1"]

1. d4 d5 2. c4 e6 3. Nf3 Nf6 4. g3 Be7 5. Bg2 0-0 6. 0-0 c6 7. Qc2 b6 8. Nbd2 Bb7 9. e4 dxe4 10. Nxe4 Nbd7 11. Rd1 Qc8 12. Nxf6+ Bxf6 13. Ng5 Bxg5 14. Bxg5 c5 15. d5 exd5 16. cxd5 h6 17. Be7 Re8 18. Re1 Nf6 19. Rad1 Qd7 20. d6 Bxg2 21. Kxg2 0-1

[Event "Moscow op-B (Women) 13th"]
[Site "Moscow"]
[Date "2017.02.04"]
[Round "8"]
[White "Beliakova, Ilona"]
[Black "Sych, Alina"]
[Result "1/2-1/2"]
[WhiteElo "1646"]
[BlackElo "1446"]
[PlyCount "82"]
[EventDate "2017.01.28"]
[EventType "swiss"]
[EventRounds "9"]
[EventCountry "RUS"]
[SourceTitle "EXT 2018"]
[Source "ChessBase"]
[SourceDate "2017.10.13"]
[SourceVersion "1"]
[SourceVersionDate "2017.10.13"]
[SourceQuality "1"]

1. d4 d5 2. c4 e6 3. Nf3 Be7 4. g3 Nf6 5. Bg2 0-0 6. 0-0 Nbd7 7. Qb3 c5 8. cxd5 Nxd5 9. Rd1 cxd4 10. Nxd4 Nc5 11. Qc4 Nb6 12. Qc2 Bd7 13. b4 Nca4 14. Bxb7 Bf6 15. Bf4 e5 16. Nc6 Qe8 17. Be3 Bxc6 18. Bxc6 Rc8 19. Bxe8 Rxc2 20. Bxa4 Nxa4 21. Na3 Rxe2 22. Nb5 a6 23. Nc7 Nc3 24. Rd2 e4 25. Rad1 Nxd1 26. Rxe2 Nxe3 27. Rxe3 Be5 28. Nxa6 f5 29. Kg2 Rc8 30. Re2 Rc3 31. a4 Ra3 32. Nc5 Bd6 33. Rc2 Bxc5 34. Rxc5 Rxa4 35. b5 g6 36. b6 Rb4 37. Rc8+ Kf7 38. Rc7+ Ke6 39. Rxh7 Rxb6 40. h4 Rb2 41. Kf1 Rb1+ 1/2-1/2

[Event "Moscow op-B (Women) 13th"]
[Site "Moscow"]
[Date "2017.02.02"]
[Round "6"]
[White "Beliakova, Ilona"]
[Black "Khristenko, Anna"]
[Result "0-1"]
[WhiteElo "1646"]
[BlackElo "1822"]
[PlyCount "59"]
[EventDate "2017.01.28"]
[EventType "swiss"]
[EventRounds "9"]
[EventCountry "RUS"]
[SourceTitle "EXT 2018"]
[Source "ChessBase"]
[SourceDate "2017.10.13"]
[SourceVersion "1"]
[SourceVersionDate "2017.10.13"]
[SourceQuality "1"]

1. d4 Nf6 2. c4 c5 3. d5 b5 4. cxb5 a6 5. b6 Qxb6 6. Nc3 d6 7. e4 g6 8. Nf3 Bg7 9. Nd2 Nbd7 10. Nc4 Qc7 11. Be2 0-0 12. 0-0 Rb8 13. a4 Nb6 14. a5 Nxc4 15. Bxc4 Rb4 16. Qe2 Ng4 17. h3 Ne5 18. Bxa6 c4 19. Bxc8 Qxc8 20. Be3 Nd3 21. Ra2 Nxb2 22. Rxb2 Bxc3 23. Rxb4 Bxb4 24. Bb6 Qb8 25. Rc1 c3 26. Qd3 Qa8 27. a6 Bc5 28. Bxc5 dxc5 29. Qxc3 Qxa6 30. Qxc5 0-1

[Event "Moscow op-B (Women) 13th"]
[Site "Moscow"]
[Date "2017.01.28"]
[Round "1"]
[White "Afonasieva, Anna"]
[Black "Beliakova, Ilona"]
[Result "1-0"]
[WhiteElo "2079"]
[BlackElo "1646"]
[PlyCount "45"]
[EventDate "2017.01.28"]
[EventType "swiss"]
[EventRounds "9"]
[EventCountry "RUS"]
[SourceTitle "EXT 2018"]
[Source "ChessBase"]
[SourceDate "2017.10.13"]
[SourceVersion "1"]
[SourceVersionDate "2017.10.13"]
[SourceQuality "1"]

1. d4 d5 2. Nf3 Nf6 3. c4 e6 4. Nc3 Be7 5. Bg5 h6 6. Bh4 0-0 7. e3 b6 8. cxd5 exd5 9. Bd3 Bb7 10. 0-0 Nbd7 11. Rc1 Ne4 12. Bg3 Ndf6 13. Bxc7 Qxc7 14. Nxe4 Qd7 15. Ne5 Qe6 16. Ng3 Ne4 17. Rc7 Rfb8 18. Nxe4 dxe4 19. Bc4 Bd5 20. Bxd5 Qxd5 21. Rxe7 f6 22. Qg4 g5 23. Qh5 1-0

[Event "Voronezh op-B 20th"]
[Site "Voronezh"]
[Date "2016.06.21"]
[Round "9"]
[White "Beliakova, Ilona"]
[Black "Shipilov, Maksim"]
[Result "1/2-1/2"]
[WhiteElo "1727"]
[BlackElo "1616"]
[PlyCount "78"]
[EventDate "2016.06.12"]
[EventType "swiss"]
[EventRounds "9"]
[EventCountry "RUS"]
[SourceTitle "EXT 2017"]
[Source "ChessBase"]
[SourceDate "2016.10.25"]
[SourceVersion "1"]
[SourceVersionDate "2016.10.25"]
[SourceQuality "1"]

1. d4 d5 2. c4 c6 3. Nd2 Nf6 4. Ngf3 e6 5. g3 Nbd7 6. Bg2 Be7 7. 0-0 0-0 8. Qc2 c5 9. cxd5 Nxd5 10. dxc5 Bxc5 11. a3 Qc7 12. Kh1 b6 13. b4 Bd6 14. Qxc7 Bxc7 15. Bb2 Bb7 16. Rac1 Rac8 17. Nb3 Bd6 18. Rfd1 Rxc1 19. Nxc1 Be7 20. Ne5 Nxe5 21. Bxe5 Rd8 22. Nb3 Kf8 23. Kg1 Rd7 24. e4 Nf6 25. Rxd7 Nxd7 26. Bb2 g6 27. e5 Bxg2 28. Kxg2 b5 29. Kf3 Nb6 30. Ke4 Nc4 31. Bc1 Ke8 32. Nd2 Nxd2+ 33. Bxd2 Kd7 34. Bc3 Kc6 35. f4 a6 36. g4 Kb6 37. Be1 Kc6 38. f5 Bf8 39. Bd2 h6 1/2-1/2

[Event "RUS-chT U14 Girls"]
[Site "Sochi"]
[Date "2015.05.01"]
[Round "1.2"]
[White "Beliakova, Ilona"]
[Black "Filippova, Darya"]
[Result "1-0"]
[WhiteElo "1770"]
[BlackElo "1889"]
[PlyCount "143"]
[EventDate "2015.05.01"]
[EventType "team-tourn"]
[EventRounds "5"]
[EventCountry "RUS"]
[SourceTitle "EXT 2018"]
[Source "ChessBase"]
[SourceDate "2017.10.13"]
[SourceVersion "1"]
[SourceVersionDate "2017.10.13"]
[SourceQuality "1"]

1. d4 e6 2. c4 b6 3. Nf3 Bb7 4. Nbd2 Nf6 5. g3 c5 6. dxc5 Bxc5 7. Bg2 0-0 8. 0-0 d5 9. Ne5 Qc7 10. Nd3 Nbd7 11. cxd5 Bxd5 12. Bxd5 exd5 13. b4 Bd4 14. Bb2 Bxb2 15. Nxb2 Rfe8 16. Nd3 Qd6 17. a3 Rac8 18. Nf3 Rc4 19. e3 Rec8 20. Nd4 a6 21. Qe2 Ne5 22. Nb2 R4c7 23. Qxa6 Qd7 24. Qe2 h5 25. Nd3 Nc4 26. Nf4 g6 27. Rfc1 Nxa3 28. Rxc7 Qxc7 29. Qa6 Nc4 30. Qb5 Nd6 31. Qa6 Nde4 32. Nfe2 Qd8 33. Qb7 Nd6 34. Qa6 h4 35. Nf3 hxg3 36. hxg3 Nc4 37. Kg2 Kg7 38. Qa2 Qd6 39. Qb3 Rh8 40. Rd1 Qe6 41. Nf4 Qf5 42. Qd3 Qc8 43. Rh1 Rxh1 44. Kxh1 Qa8 45. Qd4 Qc6 46. Kg1 Qb5 47. Nd3 Nd6 48. Nfe5 Nde4 49. Kg2 Qa6 50. Nd7 b5 51. Nxf6 Nxf6 52. g4 Qe6 53. Ne5 Kg8 54. Qf4 Ne4 55. f3 Nf6 56. Nd3 Nd7 57. Qd4 Qc6 58. Nf4 Qc2+ 59. Kg3 Qc1 60. Nxd5 Qg1+ 61. Kf4 Qh2+ 62. Ke4 f5+ 63. gxf5 gxf5+ 64. Kd3 Qf2 65. Ne7+ Kf7 66. Nxf5 Qf1+ 67. Ke4 Nf6+ 68. Ke5 Qxf3 69. Qa7+ Kg6 70. Qg7+ Kh5 71. Qh6+ Kg4 72. Qh4# 1-0